000 00880cam a22002651 4500
999 _c8920
_d8920
001 8920
003 BD-JhCC
005 20180621132440.0
008 760928s1964 pk b l000 0 eng
035 _a(BD-JhCC)8920
040 _aDLC
_cPSt
_dDLC
_dBD-JhCC
041 _aeng
050 0 0 _aJS7092
_b.I5
082 _bINA 1964
_a352.00095491
100 0 _aInayatullah,
245 0 0 _aDistrict administration in West Pakistan:
_bits problems & challenges.
260 _aPeshawar,
_bPakistan Academy for Rural Development,
_c1964.
300 _aiii, 336 p.
_c25 cm.
500 _aRevision of papers presented at a symposium held April 3-4, 1964 at the Pakistan Academy for Rural Development.
504 _aBibliographical footnotes.
650 0 _aLocal government
_zPakistan.
710 2 _aPakistan Academy for Rural Development, Peshawar.
942 _2ddc
_cBK